Program transformasi ekonomi : (Record no. 23169)
[ view plain ]
| 000 -LEADER | |
|---|---|
| fixed length control field | 00744nam a2200241#a 4500 |
| 001 - CONTROL NUMBER | |
| control field | 01603 |
| 003 - CONTROL NUMBER IDENTIFIER | |
| control field | HDC |
| 007 - PHYSICAL DESCRIPTION FIXED FIELD--GENERAL INFORMATION | |
| fixed length control field | ta |
| 008 - FIXED-LENGTH DATA ELEMENTS--GENERAL INFORMATION | |
| fixed length control field | 230623s2023 xx 000 0 eng d |
| 040 ## - CATALOGING SOURCE | |
| Original cataloging agency | HDC |
| 050 ## - LIBRARY OF CONGRESS CALL NUMBER | |
| Classification number | HC445 |
| Item number | .5 .P76 2010 |
| 110 ## - MAIN ENTRY--CORPORATE NAME | |
| Corporate name or jurisdiction name as entry element | Malaysia. Jabatan Perdana Menteri. |
| 245 #0 - TITLE STATEMENT | |
| Title | Program transformasi ekonomi : |
| Remainder of title | a hala tuju untuk Malaysia/ |
| Statement of responsibility, etc. | Jabatan Perdana Menteri. |
| 650 ## - SUBJECT ADDED ENTRY--TOPICAL TERM | |
| Topical term or geographic name entry element | Developing countries |
| General subdivision | Economic policy. |
| 650 ## - SUBJECT ADDED ENTRY--TOPICAL TERM | |
| Topical term or geographic name entry element | Development economics. |
| 650 ## - SUBJECT ADDED ENTRY--TOPICAL TERM | |
| Topical term or geographic name entry element | Economic stabilization |
| Geographic subdivision | Malaysia. |
| 650 ## - SUBJECT ADDED ENTRY--TOPICAL TERM | |
| Topical term or geographic name entry element | Malaysia |
| General subdivision | Economic policy |
| Chronological subdivision | 2000-. |
| 700 ## - ADDED ENTRY--PERSONAL NAME | |
| Personal name | Malaysia. Jabatan Perdana Menteri. |
| Numeration | Unit Pengurusan Prestasi dan Pelaksanaan. |
| 942 ## - ADDED ENTRY ELEMENTS (KOHA) | |
| Source of classification or shelving scheme | Library of Congress Classification |
| 942 ## - ADDED ENTRY ELEMENTS (KOHA) | |
| Koha item type | Book |
| 942 ## - ADDED ENTRY ELEMENTS (KOHA) | |
| Call number prefix | HC445 |
| 942 ## - ADDED ENTRY ELEMENTS (KOHA) | |
| Call number suffix | .5 .P76 2010 |
| Withdrawn status | Lost status | Source of classification or shelving scheme | Damaged status | Not for loan | Collection | Home library | Current library | Shelving location | Date acquired | Total checkouts | Full call number | Barcode | Date last seen | Price effective from | Koha item type |
|---|---|---|---|---|---|---|---|---|---|---|---|---|---|---|---|
| Library of Congress Classification | Non-fiction | Halal Development Corporation Library | Halal Development Corporation Library | Open Shelves | 17/11/2020 | HC445.5 .P76 2010 | HDC0001173 | 24/05/2023 | 24/05/2023 | Book |
